Historia social y económica de la España antigua / (Record no. 149726)

MARC details
000 -LEADER
campo de control de longitud fija 00972nam a2200229 i 4500
001 - NÚMERO DE CONTROL
campo de control 149726
003 - IDENTIFICADOR DE NÚMERO DE CONTROL
campo de control ES-MaACL
005 - FECHA Y HORA DE LA ÚLTIMA TRANSACCIÓN
campo de control 20250919130041.0
007 - CAMPO FIJO DE DESCRIPCIÓN FÍSICA--INFORMACIÓN GENERAL
campo de control de longitud fija t|
008 - DATOS DE LONGITUD FIJA--INFORMACIÓN GENERAL
campo de control de longitud fija 071024s1975 sp ||||1| spa d
245 00 - MENCIÓN DEL TÍTULO
Título Historia social y económica de la España antigua /
Mención de responsabilidad, etc. [director, Valentín Vázquez de Prada].
260 ## - PUBLICACIÓN, DISTRIBUCIÓN, ETC.
Lugar de publicación, distribución, etc. Madrid :
Nombre del editor, distribuidor, etc. Confederación Española de Cajas de Ahorros,
Fecha de publicación, distribución, etc. 1975.
300 ## - DESCRIPCIÓN FÍSICA
Extensión v. <1, 3-4> ;
Dimensiones 18 cm.
505 8# - NOTA DE CONTENIDO CON FORMATO
Nota de contenido con formato Contiene: V. 1. La prehistoria española / por J. Maluquer de Motes -- v. 2. España Romana, siglos I-III / por Alberto Balil -- v. 3. España Romana, siglos III-V / por José María Blázquez
651 #4 - PUNTO DE ACCESO ADICIONAL DE MATERIA--NOMBRE GEOGRÁFICO
Nombre geográfico España-
Subdivisión general Historia-
Subdivisión cronológica Hasta 414.
9 (RLIN) 148016
700 1# - ENTRADA AGREGADA--NOMBRE PERSONAL
Nombre de persona Vázquez de Prada, Valentín.
9 (RLIN) 113427
700 1# - ENTRADA AGREGADA--NOMBRE PERSONAL
Nombre de persona Maluquer de Motes, Joan,
Fechas asociadas al nombre 1915-1988
9 (RLIN) 75880
700 1# - ENTRADA AGREGADA--NOMBRE PERSONAL
Nombre de persona Balil, Alberto.
9 (RLIN) 24939
700 1# - ENTRADA AGREGADA--NOMBRE PERSONAL
Nombre de persona Blázquez, José María,
Fechas asociadas al nombre 1926-
9 (RLIN) 141915
852 ## - LOCALIZACIÓN
Ubicación ES-MaACL
Número de control de estantería P-72
Holdings
Estatus retirado Estado de pérdida Estado de daño No para préstamo Biblioteca de origen Biblioteca actual Ubicación en estantería Fecha de adquisición Fuente de adquisición Total de préstamos Signatura topográfica completa Código de barras Visto por última vez Precio de reemplazo Tipo de ítem Koha
        Biblioteca del Ateneo de Madrid Biblioteca del Ateneo de Madrid Depósito 2 17/01/2008     P-72 1156242 23/02/2023 23/02/2023 Libro impreso